| 000 | 00886nam a22002297a 4500 | ||
|---|---|---|---|
| 999 |
_c17318 _d17318 |
||
| 003 | AR-CdUCM | ||
| 008 | 190508b ||||| |||| 00| 0 spa d | ||
| 040 |
_aMUNICIPALIDAD PROVINCIAL DEL CUSCO _cBIBLIOTECA MUNICIPAL DEL CUSCO |
||
| 082 |
_a636 / _bV67 |
||
| 100 |
_aVilliers, H _937264 |
||
| 245 | _aTratado practico de medicina veterinaria / | ||
| 260 |
_aParís : _bGarnier hermanos, |
||
| 300 |
_a245 paginas ; _bIlustraciones, _c18 cm. |
||
| 440 |
_aNueva biblioteca de utilidad practica _937265 |
||
| 505 | _aContenido : Partes del cuerpo del caballo -- Esqueleto del animal -- Edad del caballo -- Operaciones quirúrgicas -- Órganos de la digestión... | ||
| 650 |
_aMedico veterinario _937266 |
||
| 650 |
_aLos caballos _937267 |
||
| 650 |
_aEnfermedades de los animales _937268 |
||
| 700 |
_aLarbalétrier, A. _937269 |
||
| 942 |
_2ddc _cLIBROS |
||
| 945 |
_awnts _d2019-05-8 |
||